000 00212 a2200097 4500
001 2764
100 _aMorley, A.
245 _aElementry applied Mechanics
260 _a
_bLongmans, green
_c
090 _c2059
_d2059
942 _aNUST-CAE
_cM
_c11769
999 _c237837
_d237837